Políticas y políticas públicas /
Uloženo v:
| Hlavní autor: | |
|---|---|
| Médium: | Text |
| Tagy: |
Přidat tag
Žádné tagy, Buďte první, kdo vytvoří štítek k tomuto záznamu!
|
MARC
| LEADER | 00000 a a2200000 04500 | ||
|---|---|---|---|
| 001 | 47984 | ||
| 003 | |||
| 040 | |||
| 090 | |a REV1291 (95) 2004 | ||
| 100 | |a Lahera P, Eugenio | ||
| 245 | |a Políticas y políticas públicas / |c Eugenio Lahera P | ||
| 500 | |a Incluye 46 notas y referencias bibliográficas Política y políticas públicas en los procesos de reforma en América Latina y el Caribe: similitudes y diversidades | ||
| 773 | |g número95, (2004), página32. | ||
| 999 | |c 38338 |d 38338 | ||
